000 00833nam a2200301Ia 4500
001 7761
005 20240113234032.0
007 ta
008 050712s1994 a g b000 u asm u
020 _a81-7331-079-3
040 _aCotton College Assam
041 _aasm
082 _a891.41209
_bHa 336 Ra
100 _aHazarika, Parikshit .
245 0 _aRajanikanta Bardalair Upanyas /
_cParikshit Hazarika.
_hTextual Documents
250 _a1st ed. /
260 _aGuwahati :
_bLawyer`s Book Stall ,
_c1994.
300 _a142p. :
_bill ;
_c22cm .
653 _aAssamese Fiction-Criticism
653 _aAssamese Literature-Criticism
653 _aAssamese Novel-Criticism
653 _aPG-Assamese
653 _aG-Assamese
942 _2ddc
_cBK
999 _c7748
_d7748